Statistics for Memphis Grizzlies 2018-19 Roster

Click here to take the quiz!

General Stats

  • This quiz has been taken 60 times
  • The average score is 8 of 19

Answer Stats

NbrPostPlayer% Correct
33CMarc Gasol
98%
11PGMike Conley
93%
13PFJaren Jackson Jr.
76%
24SGDillon Brooks
68%
8SGMarShon Brooks
66%
1SFKyle Anderson
61%
0PFJaMychal Green
41%
25SFChandler Parsons
39%
10PFIvan Rabb
27%
5SGAndrew Harrison
24%
17SGGarrett Temple
24%
-Head CoachJ.B. Bickerstaff
22%
3PGJevon Carter
22%
6PGMario Chalmers
20%
18SFOmri Casspi
17%
7SGWayne Selden
17%
12FYuta Watanabe
17%
20SGDJ Stephens
15%
6PGShelvin Mack
15%

Score Distribution

Percentile by Number Answered

Percent of People with Each Score

Your Score History

You have not taken this quiz